000 00589nam a2200145Ia 4500
008 140724s9999 xx 000 0 und d
050 _aBF 481
_b.Es74 2014
100 _aEscalante, Johanna Joy G.
245 _aParents' parenting style and adolescents' personality temperament profile of selected college freshmen students of Southville International School and Colleges /
_cJohanna Joy G. Escalante.
260 _aLas PiƱas, Philippines :
_bSouthville International School and Colleges,
_cc2014.
300 _a59 p. :
_c28 cm.
521 _aPsychology
942 _cTH
999 _c229344
_d229344